Nové trendy na globálnom a regionálnych trhoch práce

Dopad hospodárskej krízy na európsky trh práce. Stratégia na prekonanie krízy. Reformy finančného systému. Zabezpečenie rozpočtovej konsolidácie pre dlhodobý rast. Posilnenie koordinácie v rámci hospodárskej a menovej únie v sociálne trhovom hospodárstve. Hospodárska politika - Európa 2020.

Salvato in:
Dettagli Bibliografici
Autore principale: Kislanová, Helena
Natura: Capitolo di libro
Lingua:slovacco
Soggetti:
Tags: Aggiungi Tag
Nessun Tag, puoi essere il primo ad aggiungerne!!

MARC

LEADER 00000nla$a2200000$$$4500
001 0114758
005 20221207082015.8
041 0 |a slo 
044 |a SK 
245 1 0 |a Nové trendy na globálnom a regionálnych trhoch práce  |c Helena Kislanová 
520 |a Dopad hospodárskej krízy na európsky trh práce. Stratégia na prekonanie krízy. Reformy finančného systému. Zabezpečenie rozpočtovej konsolidácie pre dlhodobý rast. Posilnenie koordinácie v rámci hospodárskej a menovej únie v sociálne trhovom hospodárstve. Hospodárska politika - Európa 2020. 
610 2 0 |a Európska únia 
610 2 0 |a Slovensko 
610 2 0 |a kríza hospodárska 
610 2 0 |a politika hospodárska 
610 2 0 |a trh práce 
610 2 0 |a stratégia hospodárska 
610 2 0 |a systémy sociálno-ekonomické 
610 2 0 |a rozvoj trvalo udržateľný 
100 1 |a Kislanová, Helena